| 000 | 00723nam a2200217Ia 4500 | ||
|---|---|---|---|
| 003 | GCL | ||
| 008 | 140319s9999 xx 000 0 ara d | ||
| 040 |
_aGCL / _cGCL |
||
| 082 | 0 | 4 |
_a346.04 _bع ت |
| 100 | 1 | _aعلى بركات | |
| 245 | 1 | 0 |
_aتطور الملكية الزراعية فى مصر 1813 - 1914 واثره على الحركة السياسية / _cعلى بركات |
| 300 | _a534 ص | ||
| 490 |
_aالهيئة العامة للاستعلامات _v0 |
||
| 650 | 0 | 4 | _aمصر |
| 650 | 0 | 4 | _aالملكية الزراعية |
| 650 | 0 | 4 | _aنزع الملكية |
| 650 | 0 | 4 | _aالقانون الخاص |
| 650 | 0 | 4 | _aالقانون الزراعى |
| 650 | 0 | 4 | _aالملكية الخاصة |
| 942 |
_2ddc _cBK |
||
| 999 |
_c49909 _d49909 |
||